Normal view
MARC view
- Khan, Aimen
Entry Personal Name
001 - CONTROL NUMBER
- control field: 134463
003 - CONTROL NUMBER IDENTIFIER
- control field: NUST
005 - DATE AND TIME OF LATEST TRANSACTION
- control field: 20260514105510.0
008 - FIXED-LENGTH DATA ELEMENTS
- fixed length control field: 260514|| aca||aabn | a|a d
040 ## - CATALOGING SOURCE
- Original cataloging agency: NUST
- Transcribing agency: NUST
100 ## - HEADING--PERSONAL NAME
- Personal name: Khan, Aimen
670 ## - SOURCE DATA FOUND
- Source citation: Work cat.: (NUST): Khan, Aimen, Impact of Global Fast Fashion Brands on the Sustainability Practices of Second Tier Suppliers in Pakistan/
